000 00467nam a2200181Ia 4500
008 090124s9999 xx 000 0 und d
082 _b130048
100 _aओशो (रजनीश)
245 _a नवी पहाट
250 _a1
260 _c2001
300 _a193+4
600 _aओशो (रजनीश)
630 _a नवी पहाट
700 _aओशो (रजनीश)
730 _a नवी पहाट
942 _cBOOK
999 _c176137
_d176137